| 000 | 00340nam a2200133Ia 4500 | ||
|---|---|---|---|
| 005 | 20260326235504.0 | ||
| 008 | 260326s9999||||xx |||||||||||||| ||und|| | ||
| 100 | _aReinberg, Georg W. | ||
| 245 | 0 |
_aReinberg : _b Ecológical Architecture / _cGeorg W. Reinberg |
|
| 260 | _bSpringer | ||
| 300 | _a348 p. | ||
| 650 | _aARQUITECTOS | ||
| 942 | _cBK | ||
| 999 |
_c8139 _d8139 |
||